00575nam a22001577a 450000500170000001000150001702000270003203500140005903700130007308200160008624501310010226000460023327000650027930000250034450000480036920180814141729.0 aENG-123727 a9780199091690c1495.00 aEN-107259 bDBAD/PUB a494.0840922 aFriendships of 'largeness and freedom' Andrews, Tagore, and Gndhi :ced. by Uma Das Gupta ban epistolary account, 1912-1940 / c2018aNew Delhi bOxford University Press aYMCA Library Building, 1 Jai Singh Road,bNew Delhi e110001 c24cm(pbk)axc,502p.  aIt include appendix, bibliography and index